000 00434nam a22001457a 4500
020 _a978-81-317-7378-9
082 _a540
100 _aEkambaram, S.
245 _aGeneral Chemistry
250 _a1st
260 _aChennai
_bPearson
_c2013
300 _axiii, 638
942 _cBK
999 _c30408
_d30408